La educación indígena en México : también los indios son valiosos (Record no. 66631)
[ view plain ]
| 000 -CABECERA | |
|---|---|
| campo de control de longitud fija | 00543nam a2200193 a 4500 |
| 005 - FECHA Y HORA DE LA ÚLTIMA TRANSACCIÓN | |
| campo de control | 20210219153032.0 |
| 008 - ELEMENTOS DE LONGITUD FIJA--INFORMACIÓN GENERAL | |
| campo de control de longitud fija | 991125n 000 0 spa u |
| 035 ## - NÚMERO DE CONTROL DEL SISTEMA | |
| Número de control de sistema | UPN01000073872 |
| 100 1# - ASIENTO PRINCIPAL--NOMBRE PERSONAL | |
| Nombre de persona | Alvarez Barret, Luis, |
| Fechas asociadas al nombre | 1901-1981 |
| 222 ## - TÍTULO CLAVE | |
| Título clave | COMUNICACION EDUCATIVA |
| 245 ## - MENCIÓN DE TÍTULO | |
| Título | La educación indígena en México : también los indios son valiosos |
| 300 ## - DESCRIPCIÓN FÍSICA | |
| Extensión | 5 |
| 362 0# - FECHAS DE PUBLICACIÓN Y/O DESIGNACIÓN SECUENCIAL | |
| Fecha de publicación y/o designación secuencial | 1981 Año 2, no. 8, jun. |
| 653 0# - TERMINO DE INDIZACION - NO CONTROLADO | |
| Término no controlado | COMUNIDAD RURAL |
| 653 0# - TERMINO DE INDIZACION - NO CONTROLADO | |
| Término no controlado | EDUCACION INDIGENA |
| 653 0# - TERMINO DE INDIZACION - NO CONTROLADO | |
| Término no controlado | MEXICO |
| 904 ## - ELEMENTOS DE DATOS D LOCAL, LDD (RLIN) | |
| a | AC |
| b | 011683 |
| 905 ## - TIPO DE MATERIAL | |
| Tipo de material | Articulo |
No items available.
